• 首页
  • 本馆介绍
  • 公告通知
  • 最新文献
  • 馆藏检索
  • 电子资源
  • 读者导购
  • 参考咨询
  • 我的图书馆
  • 登录
  • 详细信息显示
  • 放入我的书架
  • 预约/预借图书
  • 作者相关作品
  • 分类相关作品
  • 丛书相关作品
  • 出版社相关作品

书目信息

  • 表格格式
  • 工作单格式
  • 卡片格式
题名:
新博物学家
    
 
作者: 马伦 著 ;周琼 译
分册:  
出版信息: 武汉   湖北科学技术出版社  2017.5
页数: 327页
开本: 24cm
丛书名: 新博物学译丛
单 册:
中图分类: N915.61
科图分类:
主题词: 博物学--英国
电子资源:
ISBN: 978-7-5352-9313-8
000 00774nam 2200265 450
001 0400004809
005 20171025092109.0
010    @a978-7-5352-9313-8@b精装@dCNY88.00
100    @a20170619d2017 em y0chiy50 ea
101 1  @achi@ceng
102    @aCN@b420000
105    @aa z 000yy
106    @ar
200 1  @a新博物学家@9xin bo wu xue jia@dNew naturalists@f(英)彼得·马伦著@g周琼译@zeng
210    @a武汉@c湖北科学技术出版社@d2017.5
215    @a327页@c图@d24cm
225 2  @a新博物学译丛
461  0 @12001 @a新博物学译丛
510 1  @aNew naturalists@zeng
606 0  @a博物学@y英国
690    @aN915.61@v5
701  1 @c(英)@a马伦@9ma lun@b彼得@4著
702  0 @a周琼@9Zhou Qiong@4译
801  0 @aCN@b91MARC@c20171025
905    @b1039450-4@dN915.61@f5@e6
    
    新博物学家=New naturalists/(英)彼得·马伦著/周琼译.-武汉:湖北科学技术出版社,2017.5
    327页:图;24cm.-(新博物学译丛)
    
    
    ISBN 978-7-5352-9313-8(精装):CNY88.00
    
●
相关链接 在E读中查询图书 在五车中查询图书 在当当中查询图书 在豆瓣中查询图书


正题名:新博物学家     索取号:N915.61/6         预约/预借

序号 登录号 条形码 馆藏地/架位号 状态 备注
1 1039450   210394508   第二样本阅览室/ [索取号:N915.61/6] 在馆    
2 1039451   210394517   密集书库-物理学院/ [索取号:N915.61/6] 在馆    
3 1039452   210394526   第三借阅区/ [索取号:N915.61/6] 在馆    
4 1039453   210394535   第三借阅区/ [索取号:N915.61/6] 在馆    
5 1039454   210394544   第三借阅区/ [索取号:N915.61/6] 在馆    
唐山师范学院图书馆 欢迎您!
大连网信软件有限公司© 版权所有